German Speaking Cities Map Quiz - Statistics

General Stats
  • This quiz has been taken 1,241 times
  • The average score is 20 of 27
Answers on the Map
Answers color-coded by a green-red scale on the quiz's map according to % correct below.
 
Answer Stats
Answer % Correct
Berlin
97%
Munich
91%
Vienna
90%
Hamburg
89%
Luxembourg City
89%
Vaduz
82%
Dresden
80%
Nuremberg
80%
Cologne
79%
Frankfurt
79%
Innsbruck
78%
Bolzano
77%
Salzburg
77%
Stuttgart
77%
Bremen
76%
Aachen
75%
Basel
73%
Leipzig
73%
Graz
72%
Hanover
72%
Zürich
72%
Lübeck
71%
Bern
70%
Mannheim
62%
Bielefeld
59%
Essen
58%
Lucerne
46%
No matching quizzes found
Score Distribution
Percent of People with Each Score
Percentile by Number Answered
Your Score History
You have not taken this quiz